000 00495nam a22001817a 4500
005 20160621113302.0
010 _aENG-115167
020 _a9789385755804
_c299.00
035 _aEN-98699
037 _bDBAD/PUB
082 _aN
100 _aWarrier, Shashi
245 _aThe hangman's journal /
_cby Shashi Warrier
260 _aNew Delhi
_bSpeaking Tiger
_c2016
270 _a4381/4, Ansari Road, Daryaganj,
_bNew Delhi
_e110002
300 _a249p.
_c21cm(pbk)
942 _2ddc
_cEN
_mWAR
_hN
999 _c100094
_d100094